Find the Mystery State #2 - Statistics

General Stats
  • This quiz has been taken 418 times
  • The average score is 22 of 48
Answers on the Map
Answers color-coded by a green-red scale on the quiz's map according to % correct below.
 
Answer Stats
% Correct
Texas 3
66%
Ohio 3
56%
California 6
55%
Nebraska 3
55%
Kentucky 2
54%
Kansas 3
53%
Utah 5
53%
Colorado 4
52%
Iowa 3
52%
Missouri 2
52%
New York 5
52%
Tennessee 1
52%
Florida 1
51%
Montana 5
49%
Indiana 3
48%
Maine 8
48%
Nevada 6
48%
Idaho 5
47%
Washington 6
47%
Arkansas 2
46%
Illinois 3
46%
Louisiana 2
46%
North Dakota 5
46%
Georgia 1
45%
Michigan 4
45%
Mississippi 1
45%
North Carolina 2
45%
Oregon 6
45%
Virginia 2
45%
Wyoming 4
45%
Arizona 5
44%
Minnesota 4
44%
Oklahoma 3
44%
Wisconsin 4
44%
Pennsylvania 4
43%
South Dakota 4
43%
West Virginia 3
43%
Maryland 3
42%
New Mexico 4
42%
South Carolina 2
42%
Vermont 6
42%
Delaware 4
41%
Massachusetts 6
41%
New Hampshire 7
41%
New Jersey 5
41%
Rhode Island 7
41%
Alabama #
40%
Connecticut 6
40%
No matching quizzes found
Score Distribution
Percent of People with Each Score
Percentile by Number Answered
Your Score History
You have not taken this quiz